00717 2200253 4500001002100000005001500021035002000036007000300056008004100059040002200100082001600122084001800138090002000156100002700176245005000203300003700253650003400290850001200324264004200336336002100378337003000399338002300429990001100452INLIS00000000085488320200310090436 a0010-0320000210ta200310s1949 jki g ind d aYOPDYOGbinderda04223a617.741 a617.741 MAA t aL 617.741 MAA t0 aMaas,cDokterepenulis10aTrachoom dan keluarga /cpenulis, Dokter Maas a24 halaman :bilustrasi ;c21 cm 4aMata--xPenyakit dan kelainan aYOPDYOG31aDjakarta :bPembangunan-Opbouw,c1949 2rdacontentateks 2rdamediaatanpa perantara 2rdacarrieravolume a3679-A